000 00355nam a2200157Ia 4500
005 20250425161515.0
008 250425s9999 xx 000 0 und d
041 _aspa
082 _a660.28427
245 0 _aPROCESOS DE TRANSFERECIA DE CALOR
250 _aS.E.
260 _aS.L.
260 _aSin Pais
_bCECS
_c1965
942 _c01
010 _a21796
999 _c210598
_d210598